Estadísticas para Ciudades del Delta del Río de las Perlas

Haz click aquí para tomar la prueba!

Estadísticas generales

  • Esta prueba ha sido tomada 21 veces
  • La puntuación promedio es 3 de 11

Respuestas en el mapa

Las respuestas están codificadas por una escala verde-roja en el mapa de la prueba según el % correcto abajo.
Cargando...
 

Estadísticas de respuestas

PoblaciónCiudad% Correcto
12,700,800Cantón
90%
7,061,200Hong Kong
75%
544,600Macao
50%
10,357,938Shenzhen
45%
8,220,237Dongguan
20%
7,194,311Foshán
10%
4,597,002Huizhou
10%
4,448,871Jiangmén
5%
3,918,085Zhaoqing
5%
1,560,229Zhuhai
5%
3,120,884Zhongshan
5%

Distribución de puntuación

Porcentaje por número respondido

Porcentaje de gente con cada puntuación

Historial de tus puntuaciones

No has tomado esta prueba